LEADER 01306nam a2200301 a 4500 001 000000144292 003 CaOOAMICUS 005 20150623131104.0 008 150623s1987 be u000 u fre r 020 $z2718903376* 040 $aPUL$bita 100 1 $aFossion, André.$0(OLS)http://pul/name/41168 245 10$aAdultes dans la foi :$bpédagogie et catéchèse /$cAndré Fossion, Louis Ridez ; préface de Mgr Jean Vilnet. 260 $aParis ;$aTournai :$bDesclée,$c©1987$aBruxelles :$bLumen vitae,$c©1987. 300 $a179 p. ;$c23 cm 504 $aBibliografia in nota. 650 4$aCatechesi.$0(OLS)http://pul/subject/4492 700 1 $aRidez, Louis.$0(OLS)http://pul/name/92591 700 1 $aVilnet, Jean.$0(OLS)http://pul/name/22324 850 $aPUL 852 $aPUL$W1$xDP1 Fondo S. Lanza$y121$m3 E 60$j166418$qFondi$B167022$CPULBib$Z2$F167022 $HLan1386 $82 941 1 $a1 961 $aNota ms. di possesso: Sergio Lanza 996 $6020$z2718903376*$9(OLS)http://pul/number/158024 996 $6245$aAdultes dans la foi :$bpédagogie et catéchèse$9(OLS)http://pul/title/182568 996 $6260$aParis ;$aTournai :$bDesclée$9(OLS)http://pul/publisher/58060 996 $6260$aBruxelles :$bLumen vitae$9(OLS)http://pul/publisher/77892 LEADER 01197namaa2200301 i 4500 001 000000178090 003 CaOOAMICUS 005 20250925141957.0 007 tu 008 250925s1990 it 000 u ita r 040 $aPUL$bita$erda 100 1 $aScelzo, Angelo,$d1946-,$eautore.$0(OLS)http://pul/name/88879 245 10$aPadre Annibale M. Di Francia :$buna vita copiata dal Vangelo /$cAngelo Scelzo. 250 $aStampa 1990 264 1$c[1990] 300 $a208 pagine ;$c22 cm 336 $atesto$btxt$2rdacontent 337 $asenza mediazione$bn$2rdamedia 338 $avolume$bnc$2rdacarrier 600 04$aHannibal Maria Di Francia,$cs.,$d1851-1927.$0(OLS)http://pul/subject/42002 850 $aPUL 852 $aPUL$W1$xDP1 Fondo Liberati$y125$m2 D 6$j157141$qFondi$B207101$CPULBib$Z2$F207101 $HLib97 $82 941 1 $a1 960 $aDi Francia, Annibale Maria,$cs.,$d1851-1927$942002 960 $aAnnibale Maria Di Francia,$cs.,$d1851-1927?$942002 996 $6245$aPadre Annibale M. Di Francia :$buna vita copiata dal Vangelo$9(OLS)http://pul/title/219644 996 $6264$a[S.l.] :$b[s.n.]$9(OLS)http://pul/publisher/0